000 00714nam a2200265Ia 4500
001 Para_6602
003 CHAP
008 220125s1951 xx 000 0 und d
010 _a205402
040 _cCHAP
090 _aPA FOLLETO 602
110 _aComisión Naiconal del Olivo (México)
_9171429
245 _aReproducción del olivo y formación del olivar /
_c por CNO
260 _aMéxico :
_b La Comisión
300 _a44 p.
440 _aBoletín; 2
_9171430
650 _aOlivo
_x mejoramiento
_983137
901 _aPA FOLLETO 602
902 _aA
905 _a0000001951 a 0000000000 00
910 _a1951
942 _cPARA
942 _cPARA
_d1
999 _c205402
_d205402